| 000 | 01291cam a2200349 i 4500 | ||
|---|---|---|---|
| 001 | 20449080 | ||
| 005 | 20200107145159.0 | ||
| 008 | 180413s2017 tu a b 000 0 tur | ||
| 906 |
_a7 _bcbc _corigode _d2 _encip _f20 _gy-gencatlg |
||
| 925 | 0 |
_aacquire _b1 shelf copy _xpolicy default |
|
| 010 | _a 2017349922 | ||
| 020 | _a9786051524818 | ||
| 037 | _c15.00 USD | ||
| 040 |
_aDLC _beng _cDLC _erda |
||
| 042 |
_apcc _alcode |
||
| 043 | _aa-tu--- | ||
| 050 | 0 | 0 |
_aKKX1972 _b.K35 2017 |
| 100 | 1 |
_aKale, Serdar, _eauthor. |
|
| 245 | 1 | 0 |
_aSorularla konkordato (iflas dışı ve iflas içi adi konkordato) / _cDoç. Dr. Serdar Kale, İstanbul Medipol Üniversitesi Hukuk Fakültesi, Medeni Usul ve İcra İflas Hukuku Anabilim Dalı Öğretim Üyesi. |
| 250 | _a1. baskı. | ||
| 264 | 1 |
_aŞişli, İstanbul : _bOn İki Levha, _c2017. |
|
| 300 |
_axiv, 115 pages : _billustrations ; _c24 cm |
||
| 336 |
_atext _btxt _2rdacontent |
||
| 337 |
_aunmediated _bn _2rdamedia |
||
| 338 |
_avolume _bnc _2rdacarrier |
||
| 500 | _a"Yayın no: 683"--Page facing title page. | ||
| 504 | _aIncludes bibliographical references (pages 113-115). | ||
| 650 | 0 |
_aComposition (Law) _zTurkey. |
|
| 650 | 0 |
_aBankruptcy _zTurkey. |
|
| 985 | _eODE-ca | ||
| 999 |
_c200437002 _d55214 |
||